[Event "It Resort and Casino"]
[Site "Decameron DOM"]
[Date "2003.12.10"]
[Round "9"]
[White "Lugo,B"]
[Black "Ramirez,Al"]
[Result "0-1"]
[WhiteElo "2418"]
[BlackElo "2483"]

1.e4 c5 2.Nf3 Nc6 3.Bb5 g6 4.Bxc6 dxc6 5.d3 Bg7 6.Nc3 Bg4 7.h3 Bxf3 8.Qxf3 Nf6
9.O-O Nd7 10.Be3 e5 11.a3 Qe7 12.Qe2 Nf8 13.b4 Ne6 14.Na4 cxb4 15.axb4 O-O
16.c3 f5 17.Nc5 Nf4 18.Bxf4 exf4 19.e5 b6 20.Qa2+ Rf7 21.e6 Rf6 22.Nd7 Rxe6
23.Nxb6 Re8 24.Na4 Kh8 25.Qc4 Qg5 26.Nc5 R6e7 27.Kh2 f3 28.g3 Re2 29.Qf4 Qxf4
30.gxf4 Bxc3 31.Rxa7 Bxb4 32.Nd7 R2e7 33.Ra4 Bd6 34.Ne5 Bxe5 35.fxe5 Rxe5
36.Kg3 Rd8 37.Ra7 Red5 38.Rc1 R8d6 39.Rb1 Rd7 40.Rxd7 Rxd7 41.Rb3 Kg7 42.Kxf3 Kf6
43.Ke3 Kg5 44.Rb4 f4+ 45.Ke2 Rf7 46.Kf3 Kh4 47.Kg2 g5 48.Rb6 Rf6 49.d4 Rd6
50.d5 Rxd5 51.Rxc6 h5 52.Rc4 Rd3 53.Rc5 Rxh3 54.f3 g4 55.fxg4 hxg4 56.Rc8 f3+
57.Kg1 Kg3 58.Rc3 Rh5 59.Rc2 f2+  0-1

[Event "21st Cairnhill Open"]
[Site "Singapore SIN"]
[Date "2003.12.11"]
[Round "6"]
[White "Ong Chong Ghee"]
[Black "Tan Chor Chuan"]
[Result "1-0"]
[WhiteElo "2328"]
[BlackElo "2202"]

1.e4 c5 2.Nf3 Nc6 3.Bb5 g6 4.O-O Bg7 5.Re1 d6 6.h3 Bd7 7.c3 e6 8.d4 Qb6 9.Na3 cxd4
10.Nc4 Qc7 11.cxd4 a6 12.Bxc6 Qxc6 13.b3 b5 14.d5 Qc7 15.dxe6 bxc4 16.exd7+ Qxd7
17.Bf4 Ne7 18.Rc1 cxb3 19.Qxb3 O-O 20.Rcd1 Nc8 21.Bxd6 Nxd6 22.e5 Bxe5 23.Nxe5 Qc7
24.Ng4 Rab8 25.Qg3 Nb5 26.Qh4 Qc3 27.Nf6+ Kg7 28.Nd7 Qc6 29.a4 Nc7 30.Qd4+ f6
31.Rc1 Ne6 32.Qa7  1-0

[Event "6th Open"]
[Site "Tanta City EGY"]
[Date "2003.12.11"]
[Round "5"]
[White "Karlovich,A"]
[Black "Yousry,S"]
[Result "1-0"]
[WhiteElo "2296"]
[BlackElo "2268"]

1.e4 c5 2.Nf3 Nc6 3.Bb5 e6 4.Bxc6 bxc6 5.b3 Ne7 6.Bb2 Ng6 7.h4 d6 8.h5 Ne7
9.d4 cxd4 10.Qxd4 e5 11.Qd2 f6 12.Nc3 d5 13.O-O-O d4 14.Na4 Ng8 15.Qd3 Qa5
16.Nd2 Be6 17.c3 Qb5 18.Qg3 O-O-O 19.cxd4 exd4 20.Kb1 Nh6 21.Nf3 c5 22.Rc1 Kd7
23.Nxc5+ Bxc5 24.Qxg7+ Nf7 25.Qxf6 d3 26.Rhd1 Be7 27.Qc3 Ke8 28.Nd4 Rxd4
29.Qxd4 Rg8 30.g3 Rg5 31.Qxd3 Qxd3+ 32.Rxd3 Rxh5 33.f4 Nd6 34.f5 Bd7 35.f6 Bb5
36.Rdd1 Bxf6 37.Rxd6 Be7 38.Rd5 Rxd5 39.exd5 Bd3+ 40.Ka1 Bd6 41.a3 Kd7 42.Ka2 Be4
43.Re1 Bxd5 44.Be5 Bc5 45.Bf4 a5 46.a4 Bb4 47.Rd1 Ke6 48.Bd2 Bd6 49.Re1+ Kf5
50.Bxa5 Bxg3 51.Rg1 Bf4 52.Bd8 h5 53.a5 Be3 54.Rg7 Bh6 55.Rh7 Kg6 56.Rd7 Be4
57.Rd6+ Kh7 58.a6 Bf8 59.Be7 Bg7 60.a7  1-0

[Event "1st GM"]
[Site "Kish IRI"]
[Date "2003.12.13"]
[Round "1"]
[White "Ardeshi,M"]
[Black "Annageldyev,O"]
[Result "1-0"]
[WhiteElo "2339"]
[BlackElo "2472"]

1.e4 c5 2.Nf3 Nc6 3.Bb5 e6 4.Bxc6 bxc6 5.d3 d5 6.O-O Nf6 7.e5 Nd7 8.b3 Be7
9.c4 O-O 10.Bb2 f6 11.Nbd2 a5 12.Qe2 f5 13.d4 Qb6 14.Rfc1 cxd4 15.cxd5 cxd5
16.Bxd4 Ba6 17.Bxb6 Bxe2 18.Nd4 Nxb6 19.Nxe2 Rfc8 20.Nf3 Ba3 21.Rxc8+ Rxc8
22.Nfd4 Nd7 23.f4 Kf7 24.Kf2 Ke7 25.Ke3 Nb8 26.Nb5 Bc5+ 27.Kf3 Na6 28.Rc1 Kd7
29.h3 g6 30.g4 Nb4 31.a3 Na6 32.Rc2 Rb8 33.Ned4 Be7 34.Rc6 Rxb5 35.Rxa6 Rc5
36.Ra7+ Ke8 37.Nxe6 Rc3+ 38.Kg2 Rxb3 39.gxf5 gxf5 40.Ng7+ Kd8 41.Nxf5 Bxa3
42.Rxa5 Kd7 43.e6+  1-0

[Event "1st GM"]
[Site "Kish IRI"]
[Date "2003.12.13"]
[Round "1"]
[White "Ghaem Maghami,E"]
[Black "Mallahi,A"]
[Result "1-0"]
[WhiteElo "2540"]
[BlackElo "2382"]

1.e4 c5 2.Nf3 Nc6 3.Bb5 g6 4.Bxc6 bxc6 5.O-O Bg7 6.Re1 Nh6 7.c3 O-O 8.h3 f6
9.d4 cxd4 10.cxd4 Nf7 11.Nc3 Qa5 12.Qc2 d6 13.b3 Bd7 14.Bb2 Ng5 15.Nxg5 Qxg5
16.Qd3 Rad8 17.Rad1 Kh8 18.d5 c5 19.Nb1 a5 20.Nd2 a4 21.Rf1 Qh6 22.Rfe1 Rb8
23.Bc3 Bb5 24.Qg3 axb3 25.axb3 Qg5 26.Qxg5 fxg5 27.e5 Rf5 28.Re3 Rbf8 29.f3 h6
30.Ra1 dxe5 31.Ra5 Rb8 32.Ne4 c4 33.bxc4 Bxc4 34.d6 exd6 35.Nxd6 Rf4 36.Ra7 Bg8
37.Bxe5 Bxe5 38.Rxe5 Rf6 39.Ne4 Rf7 40.Ra6 Kg7 41.Ree6 Bh7 42.Nf6 Rb1+ 43.Kh2 Rb4
44.Nxh7 Kxh7 45.Rxg6 Rh4 46.g3 Rh5 47.g4 Rh4 48.Kg3 Rb7 49.Rgb6 Rg7 50.Rb5 h5
51.Rxg5 Rxh3+ 52.Kxh3 Rxg5 53.Kh4 Rb5 54.gxh5 Rb1 55.Ra7+ Kh6 56.Ra6+ Kg7
57.Kg5 Rb5+ 58.Kg4 Rb4+ 59.f4 Rb1 60.Ra7+ Kg8 61.Kg5 Rg1+ 62.Kf6 Rh1 63.Kg6 Rg1+
64.Kf6 Rh1 65.Rb7 Rh2 66.f5 Rh1 67.Rg7+ Kh8 68.Rc7 Kg8 69.Rg7+ Kh8 70.Ra7 Kg8
71.Ra8+ Kh7 72.Ke6 Re1+ 73.Kf7 Rb1 74.Re8  1-0

[Event "II Open"]
[Site "San Salvador ESA"]
[Date "2003.12.13"]
[Round "7"]
[White "Burgos,C"]
[Black "Chavez,H"]
[Result "1-0"]
[WhiteElo "2335"]
[BlackElo "2086"]

1.e4 c5 2.Nf3 Nc6 3.Bb5 e6 4.O-O Nge7 5.Re1 a6 6.Bf1 d5 7.exd5 Nxd5 8.d4 Be7
9.c4 Nf6 10.Be3 O-O 11.Nc3 cxd4 12.Nxd4 Nxd4 13.Bxd4 Bd7 14.Qd3 Bc6 15.Rad1 Qd6
16.Qe3 Ng4 17.Qh3 Qf4 18.f3 Nh6 19.Nd5 exd5 20.cxd5 Bf6 21.Bxf6 Qxf6 22.dxc6 Qxc6
23.Qd7 Qb6+ 24.Qd4 Qa5 25.Re5 b5 26.a3 Rad8 27.Rd5 Nf5 28.Qc5 Rxd5 29.Rxd5 g6
30.g4 Ng7 31.Qb4 Qb6+ 32.Qd4 Qc6 33.Qc5 Qf6 34.Qc3 Qb6+ 35.Qc5 Qb7 36.Rd3 Ne6
37.Qe3 Rc8 38.f4 Rc2 39.f5 Qc7 40.Rd2 Rxd2 41.Qxd2 Nf4 42.Qd4 g5 43.b3 h6
44.a4 Qc6 45.axb5 axb5 46.Qe3 b4 47.Kf2 Qc2+ 48.Kg1 Qc3 49.Kf2 Qc2+ 50.Kg1 Qd1
51.h3 h5 52.Qe8+ Kg7 53.Qe5+ Kh7 54.Qe7 Nxh3+ 55.Kh2 hxg4 56.Qxf7+ Kh8 57.Qf6+ Kh7
58.Qg6+ Kh8 59.Qh6+ Kg8 60.Bc4+  1-0

[Event "RUS-UKR Blitz g/3"]
[Site "bereg.ru INT"]
[Date "2003.12.14"]
[Round "12"]
[White "Belov,Vl"]
[Black "Malakhatko,V"]
[Result "1-0"]
[WhiteElo "2553"]
[BlackElo "2529"]

1.e4 c5 2.Nf3 Nc6 3.Bb5 d6 4.O-O Bd7 5.Re1 Nf6 6.c3 a6 7.Bxc6 Bxc6 8.d4 cxd4
9.cxd4 Bxe4 10.Nc3 Bc6 11.d5 Bd7 12.Bg5 h6 13.Bxf6 gxf6 14.Nd4 f5 15.Qh5 Bg7
16.Nxf5 Bxf5 17.Qxf5 Qd7 18.Qh5 O-O 19.Re3 f5 20.Rae1 Rae8 21.Rg3 Rf6 22.h4 Ref8
23.Rge3 R8f7 24.Re6 b5 25.Qe2 b4 26.Nd1 Qb7 27.Rxe7 Rxe7 28.Qxe7 Qxd5 29.Ne3 Qd4
30.b3 Rg6 31.Nxf5 Qg4 32.Qe4 Qxe4 33.Rxe4 Kf8 34.Rxb4 Be5 35.g3 h5 36.Kg2 Rf6
37.Ne3 Rf7 38.Rb8+ Kg7 39.Ra8 Rc7 40.Rxa6 Rc3 41.Nf5+ Kf8 42.Nxd6 Rc2 43.Ne4 Bd4
44.Rd6 Ba7 45.a4 Ke7 46.Rd5 Rb2 47.Rb5 Bd4 48.Kf3  1-0

[Event "ch-IND National A"]
[Site "Calicut IND"]
[Date "2003.12.14"]
[Round "15"]
[White "Venkatesh,M"]
[Black "Ramesh,R"]
[Result "1-0"]
[WhiteElo "2401"]
[BlackElo "2466"]

1.e4 c5 2.Nf3 Nc6 3.Bb5 Nf6 4.e5 Nd5 5.O-O Nc7 6.Bxc6 dxc6 7.h3 g6 8.Nc3 Bg7
9.d3 b6 10.Re1 O-O 11.Be3 f5 12.exf6 exf6 13.Qd2 Be6 14.Bh6 Qd7 15.Bxg7 Kxg7
16.Ne4 Rad8 17.b3 h6 18.a4 a5 19.Rad1 Bd5 20.d4 cxd4 21.Qxd4 c5 22.Nxc5 bxc5
23.Qxc5 Ne6 24.Qxa5 Qc6 25.Nd4 Nxd4 26.Rxd4 Rd7 27.c4 Bf7 28.Rxd7 Qxd7 29.Qb4 Be6
30.a5 Qc6 31.Rd1 Rf7 32.Qd6 Qe4 33.a6 Bc8 34.Ra1 Bd7 35.a7 Qa8 36.Qd5 Bc6
37.Qxc6 Qxc6 38.a8=Q Qb6 39.Qf3 Rb7 40.Rb1 Qb4 41.c5 Rc7 42.c6 Qc5 43.Rd1 g5
44.Kh2 Qxc6 45.Qf5 Rb7 46.Rd3 Qc7+ 47.g3 Qc6 48.h4 Qb5 49.Qe4 Qb6 50.Qf3 Re7
51.h5 Qb5 52.Rd5 Qe8 53.g4 Qb8+ 54.Kg2 Qc8 55.Rd6 Re6 56.Rxe6 Qxe6 57.b4 Kf7
58.b5 Ke7 59.Qe3 Qxe3 60.fxe3 Kd6 61.Kf3 Kd5 62.b6  1-0

[Event "CGT Magistral"]
[Site "Buenos Aires ARG"]
[Date "2003.12.15"]
[Round "5"]
[White "Fiorito,F"]
[Black "Rodriguez,JL"]
[Result "1-0"]
[WhiteElo "2420"]
[BlackElo "2411"]

1.e4 c5 2.Nf3 Nc6 3.Bb5 g6 4.Bxc6 dxc6 5.d3 Bg7 6.h3 Nf6 7.Nc3 Nd7 8.Be3 e5
9.Qd2 h6 10.O-O Qe7 11.Nh2 Nf8 12.Ne2 Ne6 13.c3 b6 14.Rad1 Ba6 15.f4 Rd8
16.Qc2 exf4 17.Nxf4 O-O 18.Nxe6 Qxe6 19.Rfe1 Qxa2 20.Ra1 Bxd3 21.Qc1 Qe6
22.Bxh6 Kh7 23.Ng4 Rh8 24.Rxa7 Rd7 25.Rxd7 Qxd7 26.Bxg7 Kxg7 27.Ne5 Qd6 28.Qf4 f6
29.Nxg6 Qxf4 30.Nxf4 Bc2 31.Re2 Bb1 32.Kf2 Re8 33.Kf3 Kf7 34.g4 b5 35.h4 b4
36.Nh5 Bd3 37.Re3 Bc2 38.Kf4 Rg8 39.e5 fxe5+ 40.Rxe5 c4 41.Rc5 Bd1 42.Rf5+ Ke6
43.Nf6 Ra8 44.g5 Bc2 45.Rc5 b3 46.Rxc6+ Kf7 47.h5 Ra2 48.Ke5 Ra5+ 49.Nd5 Bd1
50.g6+ Kg7 51.Rc7+ Kh8 52.h6 Bg4 53.Re7 Be6 54.Rxe6  1-0

[Event "3rd NAO GM"]
[Site "Paris FRA"]
[Date "2003.12.15"]
[Round "1"]
[White "Skripchenko,A"]
[Black "Gozzoli,Y"]
[Result "1/2-1/2"]
[WhiteElo "2460"]
[BlackElo "2430"]

1.e4 c5 2.Nf3 Nc6 3.Bb5 d6 4.O-O Bd7 5.Re1 Nf6 6.c3 a6 7.Bf1 Bg4 8.d3 e5
9.Nbd2 Be7 10.h3 Bh5 11.g3 O-O 12.Bg2 Ne8 13.g4 Bg6 14.d4 cxd4 15.cxd4 Rc8
16.a3 h5 17.d5 hxg4 18.hxg4 Nb8 19.Nf1 Nf6 20.Ng3 Nh7 21.Be3 Nd7 22.b4 Nb6
23.Bf1 Nc4 24.Bxc4 Rxc4 25.Qd3 Qc8 26.Nf5 Bxf5 27.gxf5 Rc3 28.Qf1 g6 29.fxg6 Qg4+
30.Qg2 Qxg6 31.Rec1 Rfc8 32.Rxc3 Rxc3 33.Qxg6+ fxg6 34.Rc1 Rxc1+ 35.Bxc1 Nf6
36.Ng5 Bf8 37.Kg2 Bh6 38.Kf3 b5 39.Be3 Bxg5 40.Bxg5 Kf7 41.Bxf6 Kxf6 42.Kg4 Kf7
43.Kg5 Kg7 44.f3 Kf7 45.Kh6 Kf6 46.Kh7  1/2-1/2

[Event "Christmas Open"]
[Site "Zadar CRO"]
[Date "2003.12.15"]
[Round "1"]
[White "Palac,M"]
[Black "Bosiocic,Mari"]
[Result "1-0"]
[WhiteElo "2534"]
[BlackElo "2178"]

1.e4 c5 2.Nf3 Nc6 3.Bb5 g6 4.O-O Bg7 5.c3 Nf6 6.Re1 O-O 7.d4 cxd4 8.cxd4 d5
9.e5 Ne4 10.Bxc6 bxc6 11.Nbd2 c5 12.dxc5 Nxc5 13.Nb3 Nxb3 14.Qxb3 d4 15.Re4 Be6
16.Qd1 Bd5 17.Rxd4 Bxf3 18.gxf3 Qb6 19.f4 f6 20.exf6 Bxf6 21.Ra4 Rfd8 22.Qe2 Qc6
23.Qc4+ Qxc4 24.Rxc4 Rac8 25.Rxc8 Rxc8 26.Be3 a6 27.Rc1 Rxc1+ 28.Bxc1 Kf7
29.Kf1 Ke6 30.Ke2 Kd5 31.b3 e6 32.Kd3 Be7 33.a3 Bd6 34.b4 Bc7 35.Be3 Bb8
36.a4 Bc7 37.h3 h5 38.Kc3 Bb8 39.f3 Bc7 40.b5 axb5 41.axb5 Bb8 42.Kb4 Bd6+
43.Ka5 Kc4 44.Kb6 Kd3 45.Kc6 Bb8 46.Bc5 Bxf4 47.b6 Kc4 48.b7 Bb8 49.Bd6 Ba7
50.h4  1-0

[Event "4th NAO IM"]
[Site "Paris FRA"]
[Date "2003.12.16"]
[Round "2"]
[White "Marechal,A"]
[Black "Lukov,V"]
[Result "1/2-1/2"]
[WhiteElo "2295"]
[BlackElo "2429"]

1.e4 c5 2.Nf3 Nc6 3.Bb5 g6 4.O-O Bg7 5.c3 Nf6 6.Re1 O-O 7.h3 Qb6 8.Bf1 e5
9.d4 exd4 10.cxd4 cxd4 11.e5 Ne8 12.Na3 d5  1/2-1/2

[Event "Christmas Open"]
[Site "Zadar CRO"]
[Date "2003.12.17"]
[Round "4"]
[White "Djingarova,E"]
[Black "Kuljasevic,D"]
[Result "1-0"]
[WhiteElo "2329"]
[BlackElo "2429"]

1.e4 c5 2.Nf3 Nc6 3.Bb5 Qc7 4.O-O a6 5.Bxc6 dxc6 6.h3 e5 7.d3 Ne7 8.Be3 Ng6
9.Nbd2 Be7 10.Nb3 b6 11.a4 a5 12.Nbd2 O-O 13.b3 f6 14.Re1 Be6 15.Nf1 Qd7
16.Ng3 Bd6 17.Nd2 Nf4 18.Qf3 g6 19.Nc4 Bc7 20.Bd2 Rf7 21.Ne2 g5 22.Nxf4 gxf4
23.Kf1 Qd8 24.Bc3 b5 25.Nd2 Rg7 26.Qh5 Bf7 27.Qh4 Qd6 28.g4 fxg3 29.fxg3 h5
30.Re2 Bd8 31.g4 f5 32.Qg3 f4 33.Qg1 hxg4 34.hxg4 c4 35.dxc4 b4 36.Bb2 Bf6
37.Nf3 Be6 38.g5 Rg6 39.Qh1 Bg7 40.Rd2 Qc5 41.Rad1 Bg4 42.Rd8+ Rxd8 43.Rxd8+ Kf7
44.Qh7 Ke7 45.Rd3  1-0

[Event "Christmas Open"]
[Site "Zadar CRO"]
[Date "2003.12.17"]
[Round "4"]
[White "Sedlak,N"]
[Black "Sebenik,M"]
[Result "0-1"]
[WhiteElo "2543"]
[BlackElo "2430"]

1.e4 c5 2.Nf3 Nc6 3.Bb5 g6 4.O-O Bg7 5.c3 Nf6 6.Re1 O-O 7.h3 e5 8.a3 d6 9.b4 Bd7
10.d3 b6 11.Nbd2 a6 12.Bc4 cxb4 13.axb4 b5 14.Ba2 Qc7 15.Rb1 h6 16.Nf1 Ne7
17.Bd2 Bc6 18.Ng3 Nd7 19.Rc1 Rad8 20.c4 Qb7 21.Bc3 Kh7 22.cxb5 axb5 23.d4 d5
24.Qe2 dxe4 25.Nxe5 f5 26.Nxc6 Nxc6 27.d5 Nce5 28.d6 Rc8 29.Qd2 Nd3 30.Bxg7 Kxg7
31.Rxc8 Rxc8 32.Rd1 Qb6 33.Be6 Rd8 34.h4 Nf6 35.h5 f4 36.Qc2 Rxd6 37.Nxe4 Nxe4
38.Rxd3 Rxd3 39.Qxd3 Qxe6 40.Qxb5 gxh5 41.Qxh5 Ng5 42.Qd1 f3 43.Qd4+ Kg6
44.Qd3+ Kh5 45.Qd4 Qe1+ 46.Kh2 Qf1  0-1

[Event "FSGM December"]
[Site "Budapest HUN"]
[Date "2003.12.18"]
[Round "13"]
[White "Howell,D"]
[Black "Horvath,P1"]
[Result "1/2-1/2"]
[WhiteElo "2381"]
[BlackElo "2457"]

1.e4 c5 2.Nf3 Nc6 3.Bb5 g6 4.Bxc6 dxc6 5.d3 Bg7 6.Nc3 Nf6 7.Be3 b6 8.h3 O-O
9.Qd2 e5 10.Bh6 Qd6 11.O-O a5 12.Ne2 Re8 13.Ng3 Nd7 14.Nh2 Nf8 15.Ng4 Bxg4
16.hxg4 Rad8 17.Bxg7 Kxg7 18.Qg5 Kh8 19.Ne2 Ne6 20.Qh6 c4 21.Rad1 Qc5 22.g3 cxd3
23.cxd3 Qb5 24.Kg2 Qxb2 25.Rh1 Nf8 26.Rd2 Qa3 27.Qe3 c5 28.Qf3 Kg8 29.Rb1 Rd6
30.Rb3 Qa4 31.Nc3 Qc6 32.Nd5 b5 33.g5 Nd7 34.Rd1 f6 35.Rh1 fxg5 36.Rxh7 Rf8
37.Rh1 Rxf3 38.Ne7+ Kg7 39.Nxc6 Rfxd3 40.Nxa5 Rxb3 41.axb3 g4 42.Rc1 Kf7
43.Nb7 Rd3 44.Nxc5 Nxc5 45.Rxc5 Rxb3 46.Rxe5 Kf6 47.Rc5 Rb2 48.Rc6+ Kg5 49.Rc5+ Kf6
50.Rc6+ Kg5 51.Rc5+ Kh6 52.Rc8 b4 53.Rb8 b3 54.Rb5 Rb1 55.Kh2 Kg7 56.Rb6 Kf7
57.Kg2 Kg7 58.Kh2 Rf1 59.Kg2 Rb1 60.Kh2 Kf7 61.Kg2 b2 62.Kh2 Ke7 63.Kg2 Kd7
64.Rb3 Kd6 65.Rb8 Ke5 66.Rb5+ Kxe4 67.Rb8  1/2-1/2

[Event "Christmas Open"]
[Site "Zadar CRO"]
[Date "2003.12.18"]
[Round "6"]
[White "Djingarova,E"]
[Black "Jankovic,A"]
[Result "1/2-1/2"]
[WhiteElo "2329"]
[BlackElo "2383"]

1.e4 c5 2.Nf3 Nc6 3.Bb5 Nf6 4.e5 Nd5 5.c3 g6 6.d4 cxd4 7.Qb3 Nc7 8.Bc4 e6
9.Bg5 Be7 10.Bxe7 Qxe7 11.cxd4 Na5 12.Qc3 b6 13.O-O Bb7 14.Nbd2 Rc8 15.Qe3 O-O
16.Bd3 f5 17.Qh6 Qg7 18.Qxg7+ Kxg7 19.b4 Nc6 20.a3 Nd5 21.Rfc1 a5 22.b5 Nce7
23.Nc4 Nf4 24.Ne1 Ned5 25.Bf1 g5 26.g3 Ng6 27.Bg2 Rb8 28.Bxd5 Bxd5 29.Nd6 Rfd8
30.Rc7 Ne7 31.Rac1 Ra8 32.f3 h5 33.Kf2 g4 34.f4 Be4 35.Nxe4 fxe4 36.Ng2 Nf5
37.R1c4 Kg8 38.Ne3 d5 39.R4c6 Nxd4 40.Rxb6 Rdc8 41.Rcb7 Rc3 42.Nxd5 exd5
43.Rg6+ Kh8 44.Rh6+ Kg8 45.Rg6+ Kh8  1/2-1/2

[Event "Christmas Open"]
[Site "Zadar CRO"]
[Date "2003.12.19"]
[Round "7"]
[White "Leventic,I"]
[Black "Gagarin,V"]
[Result "1/2-1/2"]
[WhiteElo "2480"]
[BlackElo "2439"]

1.e4 c5 2.Nf3 Nc6 3.Bb5 g6 4.Bxc6 dxc6 5.h3 e5 6.d3 f6 7.Be3 Nh6 8.a4 Nf7
9.Na3 Be6 10.O-O g5 11.Nd2 Qd7 12.Nac4 Nd6 13.Qe2 Nxc4 14.Nxc4 Be7 15.c3 O-O
16.Rfd1 b5 17.axb5 cxb5 18.Na5 Qc7 19.d4 exd4 20.cxd4 c4 21.d5 Bd7 22.Qd2 Bd6
23.Nc6 Bxc6 24.dxc6 Bh2+ 25.Kh1 Rfd8 26.Qb4 a6 27.Rd7 Rxd7 28.cxd7 Rd8 29.Rxa6 Be5
30.Qxb5 Qxd7 31.Qxc4+ Qf7 32.Qe2 Qb7 33.Qc4+ Qf7 34.Qxf7+ Kxf7 35.g3 Bxb2
36.Ra4 Rd7 37.Kg2 Rc7 38.Kf3 Kg6 39.Ra6 Rd7 40.Ke2 Bc3 41.f4 gxf4 42.gxf4 Kf7
43.Kf3 Re7 44.Bc5 Rc7 45.Bd6 Rb7 46.Kg4 Rb5 47.Ra7+ Kg8 48.Rc7 Bd4 49.f5 Be5
50.Bxe5 Rxe5 51.Kf4 Ra5 52.Rc3 Ra4 53.h4 h5 54.Rc8+ Kg7 55.Rc7+ Kg8 56.Ke3 Rb4
57.Kd3 Ra4 58.Rc4 Ra1  1/2-1/2

[Event "2nd Women's Masters"]
[Site "Belfort FRA"]
[Date "2003.12.20"]
[Round "6"]
[White "Muller,A"]
[Black "Milliet,S"]
[Result "0-1"]
[WhiteElo "2229"]
[BlackElo "2326"]

1.e4 c5 2.Nf3 Nc6 3.Bb5 e6 4.Bxc6 bxc6 5.O-O Ne7 6.d3 Ng6 7.Ng5 Be7 8.Qh5 Ba6
9.Nc3 Qb6 10.Rb1 c4 11.Rd1 cxd3 12.cxd3 Qa5 13.Qg4 h5 14.Qg3 h4 15.Qe3 f6
16.Nf3 Kf7 17.Bd2 Qc7 18.d4 c5 19.Be1 Rad8 20.Na4 cxd4 21.Nxd4 Bd6 22.h3 Qc4
23.Ne2 Bb8 24.Nac3 Qc7 25.f4 Nxf4 26.Nxf4 Qxf4 27.Qxf4 Bxf4 28.Bf2 Bb8 29.Rd4 Bb7
30.Rbd1 Bc6 31.a4 a6 32.R4d3 Be5 33.Bd4 Rh5 34.b4 Rb8 35.b5 axb5 36.axb5 Bxb5
37.Nxb5 Rxb5 38.Bxe5 Rhxe5 39.Rxd7+ Kg6 40.R1d4 Rb2 41.Kf1 Kh6 42.Rd8 Kg5
43.R8d7 g6 44.Rd8 Kf4 45.Rf8 Ra5 46.Rd1 Ke5 47.Rg8 g5  0-1

[Event "ch-IND National A"]
[Site "Calicut IND"]
[Date "2003.12.20"]
[Round "23"]
[White "Das,A"]
[Black "Ramesh,R"]
[Result "1/2-1/2"]
[WhiteElo "2299"]
[BlackElo "2466"]

1.e4 c5 2.Nf3 Nc6 3.Bb5 e6 4.O-O Nge7 5.Nc3 a6 6.Bxc6 Nxc6 7.d4 cxd4 8.Nxd4 Qc7
9.Re1 Bd6 10.h3 Nxd4 11.Qxd4 Be5 12.Qb4 Bd6  1/2-1/2

[Event "Lindsborg Open"]
[Site "Kansas USA"]
[Date "2003.12.20"]
[Round "3"]
[White "Nedev,T"]
[Black "Atalik,S"]
[Result "1/2-1/2"]
[WhiteElo "2480"]
[BlackElo "2570"]

1.e4 c5 2.Nf3 Nc6 3.Bb5 Nf6 4.Nc3 Qc7 5.O-O Nd4 6.Re1 a6 7.e5 Nxb5 8.exf6 Nxc3
9.fxg7 Bxg7 10.dxc3 d6 11.Qd5 h6 12.Qh5 e5 13.Nh4 Be6 14.f4 O-O-O 15.Be3 Rdg8
16.Rad1 Bf8 17.f5 Bc4 18.a4 Qc6 19.Rd2 Rh7 20.b3 Bd5 21.c4 Be4 22.f6 Bg6
23.Nxg6 Rxg6 24.Qf5+ Qd7 25.Qxd7+ Kxd7 26.Bxc5 Kc6 27.Ba3 Rxf6 28.c5 Re6
29.cxd6 Bxd6 30.Bxd6 Rxd6 31.Rxd6+ Kxd6 32.Re4 f5 33.Rh4 e4 34.Rh5 Ke5 35.g4 Kf4
36.Rxf5+ Ke3 37.c4 Ke2 38.Rf2+ Ke1 39.Rf1+ Kd2 40.Rf2+ Kc3 41.Rf5 Kxb3 42.a5 Kxc4
43.h4 Kd3 44.Kf2 e3+ 45.Ke1 Rc7 46.Rd5+ Ke4 47.Rd6 Rc1+ 48.Ke2 Rc2+ 49.Ke1 Ra2
50.Rxh6 Rxa5 51.g5 Ra1+ 52.Ke2 Ra2+ 53.Ke1 b5 54.Re6+ Kd5 55.Rxe3 Rh2 56.Rg3 Rxh4
57.g6 Rh8 58.g7 Rg8 59.Kd2  1/2-1/2

[Event "4th NAO IM"]
[Site "Paris FRA"]
[Date "2003.12.21"]
[Round "7"]
[White "Marechal,A"]
[Black "Glicenstein,A"]
[Result "1/2-1/2"]
[WhiteElo "2295"]
[BlackElo "2339"]

1.e4 c5 2.Nf3 Nc6 3.Bb5 g6 4.O-O Bg7 5.c3 Nf6 6.Re1 a6 7.Ba4 b5 8.Bc2 e5
9.d4 d6 10.dxc5 dxc5 11.Qxd8+ Kxd8 12.a4 Rb8 13.Be3 Nd7 14.Nbd2 f6 15.axb5 axb5
16.Nb3 Bf8 17.Red1 Kc7 18.Nfd2 Bd6 19.f3 Bb7 20.Na5 Nxa5 21.Rxa5 Bc6 22.Rda1 Ra8
23.Rxa8 Rxa8 24.Rxa8 Bxa8 25.Kf2  1/2-1/2

[Event "7th White Tower Open"]
[Site "Thessaloniki GRE"]
[Date "2003.12.21"]
[Round "2"]
[White "Georgiev,Kr"]
[Black "Tsintsar,Z"]
[Result "1-0"]
[WhiteElo "2452"]
[BlackElo "2030"]

1.e4 c5 2.Nf3 Nc6 3.Bb5 Qc7 4.O-O a6 5.Bxc6 Qxc6 6.d4 d6 7.dxc5 Qxc5 8.Be3 Qa5
9.Nbd2 Bg4 10.h3 Bxf3 11.Qxf3 e5 12.Nc4 Qc7 13.Nb6 Rd8 14.Nd5 Qc6 15.Rad1 Be7
16.Qg3 g6 17.f4 Qxc2 18.fxe5 Qxe4 19.Nc7+ Kd7 20.Rxf7 Kxc7 21.exd6+ Kc6 22.Rc1+ Kd5
23.dxe7 Nxe7 24.Rc5+  1-0

[Event "7th White Tower Open"]
[Site "Thessaloniki GRE"]
[Date "2003.12.21"]
[Round "2"]
[White "Markidis,K"]
[Black "Sarikas,S"]
[Result "1-0"]
[WhiteElo "2368"]
[BlackElo "2008"]

1.e4 c5 2.Nf3 Nc6 3.Bb5 e6 4.O-O Qc7 5.Re1 d6 6.c3 Bd7 7.d4 cxd4 8.cxd4 Nge7
9.Nc3 a6 10.Bf1 Ng6 11.Be3 Be7 12.Rc1 Qa5 13.d5 Na7 14.Nd2 b5 15.a4 O-O 16.axb5 Nxb5
17.Nc4 Qd8 18.Na4 Rb8 19.Nab6 Ne5 20.Nxd7 Nxd7 21.Ra1 Qc8 22.Na5 Bf6 23.Rc1 Qe8
24.Qd2 Rc8 25.Rc6 Nc5 26.e5 Rxc6 27.Nxc6 Be7 28.Nxe7+ Qxe7 29.exd6 Qxd6 30.dxe6 Qxd2
31.exf7+ Kxf7 32.Bxd2 Rd8 33.Be3 Nb7 34.Rc1 N7d6 35.Rc6 Ra8 36.g4 a5 37.Rb6  1-0

[Event "TCh-BEL 2003-4"]
[Site "Belgium BEL"]
[Date "2003.12.23"]
[Round "5"]
[White "Jaracz,P"]
[Black "Hausrath,D"]
[Result "1-0"]
[WhiteElo "2542"]
[BlackElo "2452"]

1.e4 c5 2.Nf3 Nc6 3.Bb5 Nf6 4.Nc3 Qc7 5.O-O Nd4 6.Re1 a6 7.Bf1 Ng4 8.g3 Nxf3+
9.Qxf3 Ne5 10.Qe2 d6 11.Nd5 Qd8 12.Bg2 e6 13.Ne3 Be7 14.c3 Nc6 15.d3 O-O
16.a3 b5 17.f4 Rb8 18.Rd1 a5 19.d4 cxd4 20.cxd4 Qb6 21.Nc2 Rd8 22.b3 b4 23.a4 d5
24.e5 f5 25.exf6 Bxf6 26.Bb2 e5 27.fxe5 Bxe5 28.Qb5 Bf6 29.Bxd5+ Rxd5 30.Qxd5+ Kh8
31.Re1 Bb7 32.Qd7 Ne5 33.Rxe5 Bxe5 34.Re1 Bc6 35.Qf7 Bd6 36.Ne3 Rf8 37.Qe6 Rf6
38.Qc4 Rf8 39.d5 Bd7 40.Qd4 Qxd4 41.Bxd4 Re8 42.Kf2 Re4 43.Bb6 Re5 44.Rc1 Rh5
45.h4 g5 46.Bc7 Bf8 47.hxg5 Rh2+ 48.Kf3 Rb2 49.Be5+  1-0

[Event "Open"]
[Site "Pamplona ESP"]
[Date "2003.12.23"]
[Round "4"]
[White "Perez,Rod"]
[Black "Cheparinov,I"]
[Result "1/2-1/2"]
[WhiteElo "2449"]
[BlackElo "2531"]

1.e4 c5 2.Nf3 Nc6 3.Bb5 d6 4.Bxc6+ bxc6 5.O-O Bg4 6.h3 Bh5 7.d3 Nf6 8.Nbd2 Nd7
9.Qe1 e5 10.Nh2 Be7 11.Nc4 O-O 12.f4 f6 13.Ne3 Bg6 14.Bd2 Re8 15.f5 Bf7 16.Nf3 c4
17.Nxc4 d5 18.Ne3 dxe4 19.dxe4 Qb6 20.Bc1 Nc5 21.Nd2 Rad8 22.Kh2 Rd4 23.Ng4 Red8
24.Nf2 Qa6 25.b3 R4d7 26.Nf3 Nxe4 27.Nxe4 Rd1 28.Qxd1 Rxd1 29.Rxd1 Qe2 30.Re1 Qxc2
31.Ng3 Bd5 32.Re2 Qd3 33.Re3 Qc2 34.Re2  1/2-1/2

[Event "7th White Tower Open"]
[Site "Thessaloniki GRE"]
[Date "2003.12.23"]
[Round "5"]
[White "Zakarian,D"]
[Black "Konstantinidis,M"]
[Result "1-0"]
[WhiteElo "2246"]
[BlackElo "2051"]

1.e4 c5 2.Nf3 Nc6 3.Bb5 d6 4.O-O Bd7 5.Re1 Nf6 6.c3 a6 7.Bf1 Bg4 8.d3 e6
9.Nbd2 Be7 10.h3 Bh5 11.a3 O-O 12.b4 b5 13.g4 Bg6 14.Nh4 Nd7 15.Ng2 Bf6 16.Bb2 cxb4
17.axb4 Nxb4 18.f4 Nc6 19.f5 exf5 20.exf5 Bxf5 21.gxf5 Qb6+ 22.Kh1 Nc5 23.Rc1 Bg5
24.Rc2 Rae8 25.d4 Na4 26.Ne4 Bd8 27.f6 gxf6 28.Nf4 f5 29.Nxd6 Rxe1 30.Qxe1 Nxd4
31.Rg2+  1-0

[Event "12th Donau Open"]
[Site "Aschach GER"]
[Date "2003.12.26"]
[Round "1"]
[White "Ardeleanu,A"]
[Black "Kropik,M"]
[Result "1-0"]
[WhiteElo "2377"]
[BlackElo "2117"]

1.e4 c5 2.Nf3 Nc6 3.Bb5 g6 4.O-O Bg7 5.c3 e5 6.d4 cxd4 7.cxd4 exd4 8.Bf4 Nge7
9.Bd6 O-O 10.Nbd2 a6 11.Bc4 b5 12.Bd5 Re8 13.Bxf7+ Kxf7 14.Ng5+  1-0

[Event "1st Bautista Boschi Masters"]
[Site "Cipolleti ARG"]
[Date "2003.12.26"]
[Round "1"]
[White "Leskovar,Mar"]
[Black "Aguila,G"]
[Result "1-0"]
[WhiteElo "2369"]
[BlackElo "2281"]

1.e4 c5 2.Nf3 Nc6 3.Bb5 g6 4.O-O Bg7 5.Re1 Nf6 6.e5 Nd5 7.Nc3 Nc7 8.Bxc6 dxc6
9.Ne4 Ne6 10.d3 O-O 11.Be3 b6 12.Qd2 Nd4 13.Nxd4 cxd4 14.Bh6 Qc7 15.Bxg7 Kxg7
16.Qf4 Qd7 17.Ng3 c5 18.e6 fxe6 19.Qe5+ Kg8 20.Re4 Bb7 21.Qxe6+ Qxe6 22.Rxe6 Rf7
23.Rae1 Kf8 24.a4 Bd5 25.R6e5 Rd8 26.b3 Rd7 27.h4 Rf4 28.h5 Kf7 29.f3 Rf6
30.Kf2 a6 31.hxg6+ hxg6 32.Rh1 Kg7 33.Rg5 Kf8 34.Rh8+ Bg8 35.a5 bxa5 36.Rxc5 Kg7
37.Rh4 Rb6 38.Rg4 Be6 39.Rgg5 Rb5 40.Rge5 Bd5 41.Ne4 e6 42.Rc8 Bb7 43.Rxb5 axb5
44.Rc5 Bxe4 45.dxe4 a4 46.Rxb5 a3 47.Ra5 Rc7 48.Rxa3 Rxc2+ 49.Kg3 d3 50.b4 d2
51.Rd3 Kf6 52.b5 Ke5 53.b6 Rb2 54.b7 Rxb7 55.Rxd2 Rb4 56.Kg4 Kf6 57.Ra2 Rc4
58.Ra5 Rb4 59.Kf4 Rc4 60.g4 Rc7 61.e5+ Kf7 62.Kg5 Rb7 63.Ra4 Kg7 64.Ra8 Rc7
65.Re8 Kf7 66.Rh8 Rc3 67.f4 Rc4 68.Rh7+ Ke8 69.Rg7  1-0

[Event "12th Donau Open"]
[Site "Aschach GER"]
[Date "2003.12.27"]
[Round "3"]
[White "Mazi,L"]
[Black "Sadilek,P"]
[Result "1-0"]
[WhiteElo "2422"]
[BlackElo "1970"]

1.e4 c5 2.Nf3 Nc6 3.Bb5 g6 4.O-O Bg7 5.Re1 Nf6 6.e5 Nd5 7.Nc3 Nc7 8.Bxc6 dxc6
9.d3 O-O 10.h3 Ne6 11.Nh2 Qc7 12.Nf3 b6 13.Bd2 Bb7 14.b3 Nd4 15.Bf4 f6 16.Bh2 Qd7
17.Ne4 Nxf3+ 18.Qxf3 fxe5 19.Qe2 Rad8 20.Rad1 Bc8 21.Bg3 Qf5 22.Nd2 Rd6 23.a4 Re6
24.Ne4 Bh6 25.a5 Bf4 26.axb6 axb6 27.Ra1 g5 28.Ra7 Qg6 29.Rc7 Qe8 30.Ra1 Qd8
31.Raa7 h6 32.Bh2 Bxh2+ 33.Kxh2 Kg7 34.Qe3 Rf7 35.b4 cxb4 36.Qxb6 b3 37.Qxb3 Rg6
38.Qb8 Rf8 39.Rxe7+ Kg8 40.Qxe5 Bf5 41.Rg7+  1-0